Flagi państw „pod lupą" #2 - Statystyki

Ogólne statystyki
  • Ten quiz został rozwiązany 432 razy
  • Średni wynik to 14 z 15
Statystyki odpowiedzi
Obrazkowy Odpowiedź % Poprawnych
Izrael
100%
Arabia Saudyjska
98%
Iran
98%
Meksyk
98%
Norwegia
98%
Urugwaj
97%
Kenia
95%
Azerbejdżan
93%
Liechtenstein
93%
Mongolia
91%
Dominika
86%
Kirgistan
86%
Tadżykistan
84%
Mikronezja
78%
Surinam
72%
Nie znaleziono quizów pasujących do podanych kryteriów
Rozkład punktacji
Procent ludzi z każdym wynikiem
Percentyl według liczby udzielonych odpowiedzi
Twoja historia wyników
Nie rozwiązałeś tego quizu